| 000 | 00653cab a2200217 4500 | ||
|---|---|---|---|
| 001 | WB2321-28 | ||
| 008 | 090401t1987 xxu||||| |||| 00| 0 eng d | ||
| 035 | _a(Sirsi) u834 | ||
| 041 | _aeng | ||
| 245 | _aOne-stop homes shop | ||
| 260 | _c1987 | ||
| 350 | _a0 | ||
| 490 |
_aFinancial Times _vWeekend 23/5/87 p7 |
||
| 520 | _aClaims that by the end of the 1980s, Britain`s estate agency business will be dominated by a few financial institutions . | ||
| 650 | _aACQUISITIONS | ||
| 650 | _aBUILDING SOCIETIES | ||
| 650 | _aFINANCIAL SERVICES | ||
| 690 | _aMANAGEMENT-BUSINESS MANAGEMENT-PROFESSIONAL PRACTICE | ||
| 942 | _n0 | ||
| 948 | _c04/03/1997 | ||
| 999 |
_c462 _d462 |
||